| 000 | 00667nam a2200205 a 4500 | ||
|---|---|---|---|
| 001 | 000009498 | ||
| 005 | 20240412074211.0 | ||
| 008 | 090930s1982 dr a 000 p spa d | ||
| 040 |
_aDO-SdBNP _bspa _cBNPHU |
||
| 082 |
_aRD861.44 _bA691e |
||
| 100 | 1 |
_aArgentino, Rita _924310 |
|
| 245 | 1 | 3 |
_aLa edad del hastío / _cRita Argentino. |
| 260 |
_aSanto Domingo : _bArtes gráficas Ril, _c1982. |
||
| 300 |
_a95 p. : _bil. ; _c20 cm. |
||
| 500 | _aIncluye datos biográficos de la autora en la contracubierta. | ||
| 590 | _aInventariado, 2018/LP | ||
| 650 | 0 |
_aPoesía dominicana _966 |
|
| 650 | 0 |
_aLiteratura dominicana. _967 |
|
| 910 | _aValidado. Control de calidad MFF | ||
| 999 |
_c9258 _d9258 |
||